O Ponto (Registo nº 200884)

Detalhes MARC
000 -Etiqueta do registo
Valores 00641nam 22002053 4500
010 ## - Número ISBN
ISBN 978-989-8166-03-6
021 ## - Número do Depósito Legal
Código do país Portugal
Número 292768/09
100 ## - Dados gerais de processamento
Dados gerais 20260302d u||y0pory50 ba
101 ## - Língua de publicação
Língua Português
200 ## - Titulo e menção de responsabilidade
Título próprio O Ponto
Primeira menção de responsabilidade Peter H. Reynolds
Outras menções de responsabilidade Tradução de Miguel Gouveia
210 ## - Publicação
Local de publicação Figueira da Foz
Nome do editor Bruaá Editora
Data de publicação 2009
215 ## - Descrição física 
Paginação / Volumes 32 p. : il.
Outras indicações físicas Encadernado
Dimensões 20 x 21 cm
606 ## - Nome comum usado como assunto
ID Autoridade 1222
Palavra de ordem Literatura Infantil Canadiana
675 ## - CDU
Notação 821.111(71)-93/REY/PON
Edição PT
Língua por
700 ## - Autor principal (pessoa individual)
ID Autoridade 1267
Apelido Reynolds
Nome Peter H.
Datas 1961-
801 ## - Fonte de origem
País PT
Agência BMMN
Regras de catalogação RPC
830 ## - Notas gerais do catalogador
Criado por Carlos Pinto
Data de criação 02-03-2026
Indexado por Carlos Pinto
990 ## - Elementos KOHA
Tipo de documento Livro
Exemplares
Situação do levantamento Biblioteca de origem Código de barras Cota Permissão de empréstimo Tipo de documento Forma de aquisição
  Biblioteca Escolar Ciborro 30143 821.111(71)-93/REY/PON   Livro Oferta

Powered by Koha